| 000 | 01157nam0a22002531 4500 | ||
|---|---|---|---|
| 001 | rc\771842 | ||
| 005 | 20040301143010.4 | ||
| 035 | _a(NLR Aleph) 006298397 | ||
| 090 |
_a7225046 _c7225046 |
||
| 100 | _a20040301d1984 u |0rusy50 ca | ||
| 101 | 0 | _arus | |
| 102 | _aRU | ||
| 105 | _ay ||||||||| | ||
| 200 | 1 |
_aДиктанты на медицинские темы и методические рекомендации к их проведению _e(В помощь учителю общеобразоват. шк.) |
|
| 210 |
_aТашкент _cМедицина _d1984 |
||
| 215 |
_a32 с. _d20 |
||
| 300 | _aВ надзаг.: М-во здравоохранения УзССР, Респ. Дом сан. просвещения, ЦК О-ва Красного Полумесяца Узбекистана, Узб. НИИ пед. наук им. Т.Н. Кары-Ниязова | ||
| 700 | 1 |
_aАгаджанова _bС. Г. _gСветлана Григорьевна |
|
| 701 | 1 |
_aГордиенко _bЕ. А. _gЕвдокия Артемьевна |
|
| 801 | 0 |
_aRU _bNLR _gpsbo |
|
| 801 | 1 |
_aRU _bELAR _2rusmarc |
|
| 852 |
_aNLR _j85-4/11167 |
||
| 942 | _cBOOK | ||
| 980 | _aNB | ||